000 00665nam a2200241 4500
001 1993
010 _a9789892366081
021 _aPT
_b548462/25
090 _a1993
100 _a20251120d2025 m y0pory50030103ba
101 _apor
102 _aPT
200 _aO sétimo andar
_fDavid McCloskey
_gtrad. Teresa Mendonça
205 _a1ª edição
210 _aAlfragide
_cLua de Papel
_d2025
215 _a463, [1] p.
_d24 cm
300 _aBMB-Registado
304 _aTít. orig.: Th seventh Floor
675 _a821.111(73)-312.4 MCC / SET
_vBMB
_zpor
700 _aMcCloskey
_bDavid
_92866
702 _aMendonça
_bTeresa
_4730
_92867
801 _aPT
_bBMB
_gRPC
990 _cLIVROS